Rosa Torino (2017/2018) - Statistics

Statistiche generali
  • Questo quiz è stato fatto 53 volte
  • Il punteggio medio è 13 su 27
Statistiche sulle risposte
NAZIOALITA' GIOCATORE % Corretto
Italia Belotti
98%
Camerun N'Koulou
81%
Italia Sirigu
81%
Spagna Iago Falque/Falque
74%
Serbia Milinkovic-Savic
71%
Venezuela Rincon
69%
Ghana Acquah
64%
Italia Baselli
64%
Serbia Ljajic
57%
Argentina Ansaldi
52%
Spagna Berenguer
52%
Nigeria Obi
52%
Uruguay Ichazo
50%
Italia Moretti
50%
Argentina Boye
43%
Nigeria Sadiq
43%
Senegal Niang
40%
Italia De Silvestri
33%
Brasile Lyanco
31%
Italia Molinaro
31%
Italia Edera
29%
Italia Valdifiori
29%
Italia Barreca
21%
Italia Bonifazi
21%
Argentina Burdisso
21%
Svezia Gustafson
17%
Italia De Luca
7%
Nessun quiz corrispondente trovato
Distribuzione punteggi
Percentuale di utenti per punteggio
Percentile per numero di risposta
I tuoi punteggi nel tempo
Non hai fatto questo quiz